000 00839nam a2200193 i 4500
001 154019
003 ES-MaACL
005 20250811144007.0
008 050721s1842 sp | |||||||| ||spa d
040 _aCAM
_bspa
_cCAM
080 _a821.134.2-23"18"
245 0 0 _aFausto de Underwal
_b: drama en cinco actos /
_carreglado del francés por Gregorio Romero y Larrañaga.
260 _aMadrid :
_b[s.n.],
_c1842 (
_fImprenta de Vicente de Lalama)
300 _a84 p. ;
_c17 m.
700 1 _aRomero Larrañaga, Gregorio,
_d1815-1872
_9132031
852 _aES-MaACL
_jF-8619(1)
_z-- Enc. pasta española
_z-- Enc. en un vol. facticio formando parte de la col. facticia "Teatro español moderno", vol. 74
852 _aES-MaACL
_jD-703(2)
_z-- Enc. tela
_z-- Legado M. de la Fuente
_z-- Enc. en un vol. facticio
999 _c154019
_d154019